"Türkiye'de parlamenter sistemin sorunları ve çözüm önerileri" semineri (Record no. 4225)

MARC details
000 -BAŞLIK
Sabit Uzunlukta Kontrol Alanı 00814na a2200217 4500
001 - KONTROL NUMARASI
Denetim Alanı 18208
003 - KONTROL NUMARASI IDENTIFIER
Denetim Alanı MIRAKIL
005 - SON İŞLEM TARİHİ VE ZAMANI
Denetim Alanı 20181213154957.0
008 - SABİT-BOY VERİ ELEMANLARI - GENEL BİLGİLER
Sabit Uzunlukta Kontrol Alanı 161115b tu 000 0
040 ## - KATALOGLAMA KAYNAK
Orijinal Kataloglama Ajansı Milas
Kataloglama Dili tur
Metne Dönüştürmek Ajansı TR-AnCHP
041 ## - DİL KODU
Metin / Ses Parça Veya Ayrı Başlığın Dil Kodu tur
082 ## - DEWEY ONLU SINIFLANDIRMA NUMARASI
Sınıflandırma Numarası 324.2561
Ürün Numarası T96 1997
090 ## - SINIFLAMA NUMARASI
Sınıflama Numarası 324.2561 T96 1997
111 ## - ANA GİRİŞ - TOPLANTI ADI
Giriş Elemanı Olarak Toplantı Adı Veya Yargı Alanı Adı "Türkiye'de Parlamenter Sistemin Sorunları ve Çözüm Önerileri" Semineri
Toplantının Yeri Ankara
Toplantı Veya Antlaşma İmzalandığı Tarihi 1997
245 ## - BAŞLIK TABLOSU
Başlık "Türkiye'de parlamenter sistemin sorunları ve çözüm önerileri" semineri
Başlığın Kalan 4 Aralık 1997
Sorumluluk Tablosu, Vb Türkiye İşveren Sendikaları Konfederasyonu
260 ## - YAYIN, DAĞITIM, VB
Yayın, Dağıtım, Vb Yeri Ankara
Yayıncı, Dağıtıcı, Vs Adı Türkiye İşveren Sendikaları Konfederasyonu
300 ## - FİZİKSEL TANIM
Kapsam 136 s.
Diğer Fiziksel Ayrıntıları res.
Boyutlar 23 sm.
650 ## - KONU KATMA GİRİŞ - TOPİKAL DÖNEM
Topikal Süreli Veya Coğrafi Ad Giriş Elemanı Parlementer Sistem
Coğrafi Alt Bölümü Türkiye
710 ## - KATMA GİRİŞ - KURUMSAL ADI
Giriş Elemanı Olarak Kurumsal Ad Veya Yargı Alanı Adı Türkiye İşveren Sendikaları Konfederasyonu (TİSK)
942 ## - EKLENDİ GİRİŞ ELEMANLARI (KOHA)
Sınıflandırma Veya Raf Düzeni Kaynak
Koha Öğesi Türü Books
999 ## - SİSTEM KONTROL NUMARALARI (KOHA)
Koha Biblionumber 4225
Koha Biblioitemnumber 4225
Holdings
Kalıcı Konum Mevcut Konum Edinme Tarihi Edinim Kaynak Toplam Check-Out'Lar Tam Çağrı Numarası Barkod Tarih Son Görülme İtibaren Geçerli Fiyatlar Koha Öğesi Türü
CHP Kütüphanesi CHP Kütüphanesi 11/15/2016 Bağış   324.2561 T96 1997 009451 11/15/2016 11/15/2016 Books